LEADER 01697nam0-22003251i-450- 001 990001663920403321 005 20081120154022.0 035 $a000166392 035 $aFED01000166392 035 $a(Aleph)000166392FED01 035 $a000166392 100 $a20030910d1780----km-y0itay50------ba 101 0 $afre 102 $aFR$aCH 105 $ay-------001yy 200 1 $a<>art de la vigne, contenant une nouvelle méthode économique de la cultiver, par laquelle on abrégé considerablement les travaux, on diminue les depenses, & l'on se procure une plus grande production que par la méthode ordinaire; avec les experiences qui ont ete faites à ce sujet, l'approbation de l'Academie royale des sciences de Paris, & deux lettres d'un conseiller d'État. Par Mr. Maupin, auteur de l'Art de faire les vins 210 $aÀ Paris$cchez Musier$aÀ Lausanne en Suisse$cchez François Grasset$d1780 215 $a136 p.$d17 cm 610 0 $aViticoltura 610 0 $aLibri rari$a1700 676 $a094.2 676 $a634.8 700 1$aMaupin$f$0353982 801 0$aIT$bUNINA$gRICA$2UNIMARC 901 $aBK 912 $a990001663920403321 952 $a60 094.2 C 89$fFAGBC 959 $aFAGBC 996 $aArt de la vigne, contenant une nouvelle méthode économique de la cultiver, par laquelle on abrégé considerablement les travaux, on diminue les depenses, & l'on se procure une plus grande production que par la méthode ordinaire; avec les experiences qui ont ete faites à ce sujet, l'approbation de l'Academie royale des sciences de Paris, & deux lettres d'un conseiller d'État. Par Mr. Maupin, auteur de l'Art de faire les vins$9373298 997 $aUNINA LEADER 04164nam 22006015 450 001 9910919815903321 005 20251113191236.0 010 $a9798868810350$b(electronic bk.) 010 $z9798868810343 024 7 $a10.1007/979-8-8688-1035-0 035 $a(MiAaPQ)EBC31862043 035 $a(Au-PeEL)EBL31862043 035 $a(CKB)37083962500041 035 $a(DE-He213)979-8-8688-1035-0 035 $a(CaSebORM)9798868810350 035 $a(OCoLC)1482310053 035 $a(OCoLC-P)1482310053 035 $a(OCoLC)1482817132 035 $a(EXLCZ)9937083962500041 100 $a20241227d2024 u| 0 101 0 $aeng 135 $aurcnu|||||||| 181 $ctxt$2rdacontent 182 $cc$2rdamedia 183 $acr$2rdacarrier 200 10$aHands-on Deep Learning $eA Guide to Deep Learning with Projects and Applications /$fby Harsh Bhasin 205 $a1st ed. 2024. 210 1$aBerkeley, CA :$cApress :$cImprint: Apress,$d2024. 215 $a1 online resource (373 pages) 225 0 $aProfessional and Applied Computing Series 311 08$aPrint version: Bhasin, Harsh Hands-On Deep Learning Berkeley, CA : Apress L. P.,c2025 9798868810343 327 $aChapter 1: Revisiting Machine Learning -- Chapter 2: Introduction to Deep Learning -- Chapter 3: Neural Networks -- Chapter 4: Training Deep Networks -- Chapter 5: Hyperparameter Tuning -- Chapter 6: Convolutional Neural Networks: Part 1 -- Chapter 7: Convolutional Neural Networks : Part 2 -- Chapter 8: Transfer Learning -- Chapter 9: Recurrent Neural Networks -- Chapter 10: LSTM and GRU -- Chapter 11: Autoencoders -- Chapter 12: Introduction to Generative Models -- Appendices A-G. 330 $aThis book discusses deep learning, from its fundamental principles to its practical applications, with hands-on exercises and coding. It focuses on deep learning techniques and shows how to apply them across a wide range of practical scenarios. The book begins with an introduction to the core concepts of deep learning. It delves into topics such as transfer learning, multi-task learning, and end-to-end learning, providing insights into various deep learning models and their real-world applications. Next, it covers neural networks, progressing from single-layer perceptrons to multi-layer perceptrons, and solving the complexities of backpropagation and gradient descent. It explains optimizing model performance through effective techniques, addressing key considerations such as hyperparameters, bias, variance, and data division. It also covers convolutional neural networks (CNNs) through two comprehensive chapters, covering the architecture, components, and significance of kernels implementing well-known CNN models such as AlexNet and LeNet. It concludes with exploring autoencoders and generative models such as Hopfield Networks and Boltzmann Machines, applying these techniques to a diverse set of practical applications. These applications include image classification, object detection, sentiment analysis, COVID-19 detection, and ChatGPT. By the end of this book, you will have gained a thorough understanding of deep learning, from its fundamental principles to its innovative applications, enabling you to apply this knowledge to solve a wide range of real-world problems. What You Will Learn What are deep neural networks? What is transfer learning, multi-task learning, and end-to-end learning? What are hyperparameters, bias, variance, and data division? What are CNN and RNN? . 606 $aArtificial intelligence 606 $aMachine learning 606 $aPython (Computer program language) 606 $aArtificial Intelligence 606 $aMachine Learning 606 $aPython 615 0$aArtificial intelligence. 615 0$aMachine learning. 615 0$aPython (Computer program language) 615 14$aArtificial Intelligence. 615 24$aMachine Learning. 615 24$aPython. 676 $a006.3 700 $aBhasin$b Harsh$01778243 801 0$bMiAaPQ 801 1$bMiAaPQ 801 2$bMiAaPQ 912 $a9910919815903321 996 $aHands-on Deep Learning$94306451 997 $aUNINA